| 000 | 00429 a2200133 4500 | ||
|---|---|---|---|
| 020 | _a9780071485845 (pbk.) | ||
| 082 | _a519.5 SPI | ||
| 100 | _aSpiegel, Murray R. | ||
| 245 |
_aSchaum's outline of theory and problems of statistics _cMurray R. Spiegel. |
||
| 250 | _aMetric ed. / | ||
| 260 |
_aIslamabad : _bNational Book Foundation, _c2000. |
||
| 300 |
_axv,359 p. : _bill. ; _c25 cm. |
||
| 650 | _aMathematical statistics | ||
| 650 | _aMathematical statistics | ||
| 999 |
_c547 _d547 |
||